000 00830nam a2200253Ia 4500
003 OSt
005 20221005112422.0
006 a|||||r|||| 00| 0
007 ta
008 221004b |||||||| |||| 00| 0 pan d
020 _a9789380906782 (pbk)
_c200
024 _a15197
037 _b892, 08/09/2014, H.K. Prakashan
_cTextual
040 _aCRL
_cCRL
_bpan
041 _2pan
_apan
082 _aO153,1:g, Q4
100 _aਸਿੰਘ, ਗੁਰਨਾਇਬ
245 0 _aਅਦਬ ਦੀ ਬੰਦਗੀ
260 _aਚੰਡੀਗੜ
_bਗ੍ਰੇFਿਅਸ ਭਾਰਤ
_c2014
300 _a208ਪੰ
_ccm.
650 _aਪੰਜਾਬੀ ਸਾਹਿਤ
942 _hO153,1:g, Q4
_cTEXL
_2cc
999 _c1024833
_d1024833